| 000 | 00394nam a2200145Ia 4500 | ||
|---|---|---|---|
| 005 | 20250729165753.0 | ||
| 008 | 250729s2013 xx 000 0 und d | ||
| 041 | _aeng | ||
| 082 | _a530.05 DIRC | ||
| 100 |
_aDirectorate of Pre University _9232595 |
||
| 245 | _aChemistry - II P U C | ||
| 260 |
_aBangalore _bDirectorate of Pre University _c2013 |
||
| 300 | _a141p | ||
| 650 |
_aScience _9232596 |
||
| 999 |
_c239861 _d239861 |
||